Norske filmtitler - 1 - Statistics

General Stats
  • This quiz has been taken 44 times
  • The average score is 7 of 21
Answer Stats
Utenlandsk filmtittel Norsk filmtittel % Correct
Jaws Haisommer
89%
How to Train Your Dragon Dragetreneren
72%
The Shawshank Redemption Frihetens regn
58%
The Sixth Sense Den sjette sans
56%
Star Wars Stjernekrigen
56%
The Shining Ondskapens hotell
53%
The Fellowship of the Ring Ringens brorskap
53%
The Silence of the Lambs Nattsvermeren
47%
One Flew Over the Cuckoo's Nest Gjøkeredet
36%
Intouchables De urørlige
28%
Goodfellas Mafiabrødre
22%
Deliverance Picnic med døden
19%
Raiders of the Lost Ark Jakten på den forsvunne skatten
17%
Die Hard Operasjon Skyskraper
14%
Das Leben des Anderen De andres liv
11%
Of Mice and Men Om mus og menn
11%
Where Eagles Dare Ørneredet
11%
Grapes of Wrath Vredens druer
11%
When Harry Met Sally Da han møtte henne
8%
The Bourne Identity Hvem var Jason Bourne?
6%
El secreto de sus ojos Hemmeligheten i deres øyne
3%
No matching quizzes found
Score Distribution
Percent of People with Each Score
Percentile by Number Answered
Your Score History
You have not taken this quiz